Rozpoznaj państwa po kształtach #1 - Statystyki

Ogólne statystyki
  • Ten quiz został rozwiązany 12 597 razy
  • Średni wynik to 14 z 16
Statystyki odpowiedzi
Obrazkowy Odpowiedź % Poprawnych
Stany Zjednoczone
98%
Włochy
98%
Francja
97%
Australia
96%
Norwegia
96%
Wielka Brytania
94%
Egipt
93%
Indie
93%
Chiny
90%
Japonia
89%
Indonezja
87%
Brazylia
83%
Meksyk
83%
Argentyna
75%
Irak
47%
Panama
44%
Nie znaleziono quizów pasujących do podanych kryteriów
Rozkład punktacji
Procent ludzi z każdym wynikiem
Percentyl według liczby udzielonych odpowiedzi
Twoja historia wyników
Nie rozwiązałeś tego quizu